000 01383nam a2200325Ia 4500
001 ebr10696075
003 CaPaEBR
006 m u
007 cr cn|||||||||
008 990923r20011999enk s 000 0 eng d
020 _z187287066X
020 _z9781872870663
020 _z9781906534172 (ebook)
040 _aCaPaEBR
_cCaPaEBR
035 _a(OCoLC)847010276
050 1 4 _aHV6080
_b.G65 2001eb
245 0 0 _aGoing straight
_h[electronic resource] :
_bafter crime and punishment /
_ccompiled by Angela Devlin, Bob Turney ; foreword Jack Straw ; with contributions by Sir Stephen Tumim, Roger Graef.
260 _aWinchester :
_bWaterside,
_c2001, c1999.
300 _aviii, 272 p.
533 _aElectronic reproduction.
_bPalo Alto, Calif. :
_cebrary,
_d2013.
_nAvailable via World Wide Web.
_nAccess may be limited to ebrary affiliated libraries.
650 0 _aCriminal justice, Administration of
_zGreat Britain.
650 0 _aCriminal psychology
_zGreat Britain.
650 0 _aSelf-control
_xStudy and teaching
_zGreat Britain.
650 0 _aSocial skills
_xStudy and teaching
_zGreat Britain.
655 7 _aElectronic books.
_2local
700 1 _aDevlin, Angela.
700 1 _aTurney, Bob,
_d1944-
710 2 _aebrary, Inc.
856 4 0 _uhttp://site.ebrary.com/lib/rucke/Doc?id=10696075
_zAn electronic book accessible through the World Wide Web; click to view
999 _c8566
_d8566